[Event "Belgrade-chT"]
[Site "Belgrade"]
[Date "2017.05.14"]
[Round "5.4"]
[White "Mihajlovic, Nikola"]
[Black "Malesic, Savo"]
[Result "0-1"]
[WhiteElo "1771"]
[BlackElo "1860"]
[PlyCount "89"]
[EventDate "2017.05.10"]
[EventType "team-swiss"]
[EventRounds "5"]
[EventCountry "SRB"]
[SourceTitle "CBM 178 Extra"]
[Source "ChessBase"]
[SourceDate "2017.06.22"]
[SourceVersion "1"]
[SourceVersionDate "2017.06.22"]
[SourceQuality "1"]
[WhiteTeam "Pogledi"]
[BlackTeam "Usce"]
[WhiteTeamCountry "SRB"]
[BlackTeamCountry "SRB"]

1. d4 e6 2. c4 d5 3. Nc3 c6 4. cxd5 exd5 5. Bf4 Bf5 6. e3 Nf6 7. Bd3 Bg6 8. Qc2 Na6 9. a3 Nc7 10. Bxc7 Qxc7 11. b4 a6 12. Nf3 Bd6 13. h3 Qe7 14. 0-0 Ne4 15. Bxe4 dxe4 16. Nd2 f5 17. Nc4 Bc7 18. d5 Bf7 19. Rad1 Rd8 20. d6 Bxd6 21. Nxd6+ Rxd6 22. Rxd6 Qxd6 23. Rd1 Qe7 24. Rd4 0-0 25. Qd2 Be6 26. Na4 a5 27. Nc5 Bd5 28. Qb2 h6 29. Na4 f4 30. exf4 e3 31. Qe2 exf2+ 32. Qxf2 axb4 33. axb4 Ra8 34. Nc3 Bf7 35. Ne4 Ra2 36. Qf3 Bd5 37. f5 Qe5 38. Qe3 Ra1+ 39. Kf2 Qxf5+ 40. Kg3 Rb1 41. Nc3 Rb3 42. Kh2 Qg6 43. Rg4 Qf6 44. Kg1 Bf7 45. Rd4 0-1